000 00419nam a2200181Ia 4500
001 4845
005 20260306145824.0
008 260306t2014||||xx |||||||||||||| ||spa||
041 _aESP
082 _a330.9405
_bC18
100 _aCalderón, Alfons
_eAUT
245 0 _aEuropa, en la encrucijada
260 _c2014
300 _a32 páginas :
_c20 cm.
650 _aGEN
654 _aCAN
942 _cLIB
_dJUS
_fJUS
_2ddc
_n
999 _c4845
_d4845